000 00205nam a22001097a 4500
040 _cSK
082 _a636
100 _aNA
245 _aManaging small poultry flocks
260 _aNA
_bNA
_cNA
942 _cEK
999 _c9201
_d9201